Vấn đề y tá quốc gia và cán sự điều dưỡng : Luận văn tốt nghiệp

Đề tài trình bày việc thiết lập y tá quốc gia và cán sự y tế điều dưỡng, hiện trạng y tá quốc gia và cán sự y tế điều dưỡng.

Spremljeno u:
Bibliografski detalji
Glavni autor: Phan, Cao Tăng
Format: Knjiga
Jezik:Undetermined
Izdano: Sài Gòn Học viện Quốc Gia Hành Chánh 1970
Teme:
Oznake: Dodaj oznaku
Bez oznaka, Budi prvi tko označuje ovaj zapis!
Thư viện lưu trữ: Trung tâm Học liệu Trường Đại học Cần Thơ
LEADER 00922nam a2200217Ia 4500
001 CTU_33429
008 210402s9999 xx 000 0 und d
082 |a 344.0414 
082 |b T116 
100 |a Phan, Cao Tăng 
245 0 |a Vấn đề y tá quốc gia và cán sự điều dưỡng : 
245 0 |b Luận văn tốt nghiệp 
245 0 |c Phan Cao Tăng ; Lương Thọ Phát (Người hướng dẫn) 
260 |a Sài Gòn 
260 |b Học viện Quốc Gia Hành Chánh 
260 |c 1970 
520 |a Đề tài trình bày việc thiết lập y tá quốc gia và cán sự y tế điều dưỡng, hiện trạng y tá quốc gia và cán sự y tế điều dưỡng. 
650 |a Nursing 
650 |x Law and legislation 
904 |i Minh, Hải 
980 |a Trung tâm Học liệu Trường Đại học Cần Thơ